000 00542cam a2200157 4500
001 J11989
008 000000n 000 0 eng u
035 _a(Sirsi) u120712
245 _aASB document service
260 _aKingston-upon-Thames
_bASB Publications
300 _aMultiple parts
520 _aSubscription service with Accounting Standards Board for all accounting standards. Each standard is catalogued separately.
650 _aACCOUNTING STANDARDS
690 _aMANAGEMENT-BUSINESS MANAGEMENT-FINANCIAL MANAGEMENT
942 _n0
999 _c102549
_d102549